00529nam a22001937a 450000500170000001000240001702000260004102000320006703500170009903500220011603500140013803700150015208200080016710000190017524500700019425000120026426000380027630000210031420180804173206.0 a1516EN07 ENG-116646 a9789351941071c295.00 a9789351941071c395.00 (AV) aB-603803-825 aB-667421 B-603813 aEN-100178 adplbAakar a841 aRussell, Ralph aThe famous Ghalib: the sound of my moving pen /cby Ralph Russell a2nd ed. bMarion Molteno( Roli Books)c2015 a232p.c18cm(pbk)